أين هو الفكر الإسلامي المعاصر : (رقم التسجيلة. 59144)

تفاصيل مارك
000 -LEADER
fixed length control field 00597nam a22001817a 4500
005 - DATE AND TIME OF LATEST TRANSACTION
control field 20251108171210.0
008 - FIXED-LENGTH DATA ELEMENTS--GENERAL INFORMATION
fixed length control field 250721s1993 xx 000 0 ara d
082 14 - DEWEY DECIMAL CLASSIFICATION NUMBER
Classification number 210.1/محم
100 1# - MAIN ENTRY--PERSONAL NAME
Personal name أركون، محمد
245 10 - TITLE STATEMENT
Title أين هو الفكر الإسلامي المعاصر :
Remainder of title من فيصل التفرقة إلى فيصل المقال /
264 1# - PRODUCTION, PUBLICATION, DISTRIBUTION, MANUFACTURE, AND COPYRIGHT NOTICE
Place of production, publication, distribution, manufacture بيروت :
Name of producer, publisher, distributor, manufacturer دار الساقي،
Date of production, publication, distribution, manufacture, or copyright notice 1993.
300 ## - PHYSICAL DESCRIPTION
Extent 198ص
650 17 - SUBJECT ADDED ENTRY--TOPICAL TERM
Topical term or geographic name as entry element الإسلام
650 17 - SUBJECT ADDED ENTRY--TOPICAL TERM
Topical term or geographic name as entry element الفلسفة الإسلامية
700 1# - ADDED ENTRY--PERSONAL NAME
Personal name صالح، هاشم
Relator term ترجمة
942 ## - ADDED ENTRY ELEMENTS (KOHA)
Source of classification or shelving scheme Dewey Decimal Classification
Koha item type كتب
المقتنيات
حالة السحب حالة الفقدان مصدر التصنيف حالة التلف غير قابل للإعارة المكتبة الرئيسية المكتبة الحالية موقع الرف تاريخ التزويد الرقم المتسلسل Total Checkouts رقم الإستدعاء الباركود تاريخ آخر ظهور تاريخ الفاتورة نوع المادة (كوها)
    Dewey Decimal Classification     مكتبة أم قصير والمقابلين العامة مكتبة أم قصير والمقابلين العامة الإعارة 22/08/2014 [ 4691 ]   210.1/محم PLD00341262 28/07/2025 22/08/2014 كتب
Implemented & Customized by: BBB with SCIT (Smart Chains for Information Technology)

Powered by Koha